BLOOD AND LAUGHTER (Record no. 182672)
[ view plain ]
| 000 -LEADER | |
|---|---|
| fixed length control field | 00616nam a22001937a 4500 |
| 005 - DATE AND TIME OF LATEST TRANSACTION | |
| control field | 20211201154759.0 |
| 010 ## - LCCN (DPL NO) | |
| LC control number | ENG-130154 |
| 020 ## - INTERNATIONAL STANDARD BOOK NUMBER | |
| International Standard Book Number | 978-93-89253-34-4 |
| Terms of availability | 499.00 |
| 035 ## - SYSTEM CONTROL NUMBER | |
| System control number | EN-113686 |
| 037 ## - SOURCE OF ACQUISITION | |
| Source of stock number/acquisition | DBAD/PUB |
| 082 ## - DEWEY DECIMAL CLASSIFICATION NUMBER | |
| Classification number | 822.914 |
| 100 ## - MAIN ENTRY--PERSONAL NAME | |
| Personal name | Padmanabhan, Manjula. |
| 245 ## - TITLE STATEMENT | |
| Title | BLOOD AND LAUGHTER |
| Statement of responsibility, etc | MANJULA PADMANABHAN |
| 250 ## - EDITION STATEMENT | |
| Edition statement | 2020 |
| 260 ## - PUBLICATION, DISTRIBUTION, ETC. (IMPRINT) | |
| Place of publication, distribution, etc | Gurugram |
| Name of publisher, distributor, etc | Hachette Book Publishing India Pvt. Ltd |
| Date of publication, distribution, etc | 2020 |
| 270 ## - ADDRESS | |
| Address | 4th & 5th Floors, Corporate Centre |
| City | Gurugram |
| Postal code | 122003 |
| 300 ## - PHYSICAL DESCRIPTION | |
| Extent | xi,370p. |
| Dimensions | 21cm (hbk) |
| Other physical details | Acknowledgement, Public History |
| 942 ## - ADDED ENTRY ELEMENTS (KOHA) | |
| Source of classification or shelving scheme | Dewey Decimal Classification |
| Item type | English Books |
| Classification part | 822.914 |
| Call number suffix | MAN |
| Withdrawn status | Lost status | Not for loan | Collection code | Home library | Current library | Date acquired | Source of acquisition | Cost, normal purchase price | Full call number | Barcode | Copy number | Cost, replacement price | Koha item type |
|---|---|---|---|---|---|---|---|---|---|---|---|---|---|
| Fiction | Shahdara Branch | Shahdara Branch | 01/12/2021 | DBAD/PUB | 499.00 | 822.914 MAN | EN-113686 | 1 | 499.00 | English Books |
